| 000 | 00859cab a2200253 4500 | ||
|---|---|---|---|
| 001 | ABS60656 | ||
| 008 | 090401t1999 xxu||||| |||| 00| 0 eng d | ||
| 035 | _a(Sirsi) u93712 | ||
| 041 | _aeng | ||
| 100 | _aElsom, I. | ||
| 245 | _aDigital revolution | ||
| 260 | _c1999 | ||
| 350 | _a0 | ||
| 490 |
_aSurveyor _v13 May 1999, 11-13(3) |
||
| 520 | _aExplains the history of the Electronic Transfer of Notifications system, which allows utilities to send street works notices directly, via the Internet, to the highway authority. Outlines plans for the future. | ||
| 650 | _aELECTRONIC TRANSFER OF NOTIFICATIONS SYSTEM | ||
| 650 | _aHIGHWAY AUTHORITIES | ||
| 650 | _aINTERNET | ||
| 650 | _aSTREET WORKS NOTICES | ||
| 650 |
_aUtilities _96272 |
||
| 690 | _aMANAGEMENT-BUSINESS MANAGEMENT-INFORMATION MANAGEMENT | ||
| 942 | _n0 | ||
| 948 | _c02/06/1999 | ||
| 999 |
_c59403 _d59403 |
||